Länder, in denen die meisten Avocados produzieren - Statistiken

Allgemein
  • Dieses Quiz wurde 72 mal gespielt
  • Das Durchschnittsergebnis liegt bei 10 aus 20
Antwortstatistiken
1000 Tonnen Land % Korrekt
213 Brasilien
88%
2030 Mexiko
84%
133 Vereinigte Staaten
84%
134 Chile
78%
467 Peru
78%
124 China
72%
314 Kolumbien
72%
134 Venezuela
69%
93 Spanien
60%
363 Indonesien
53%
126 Guatemala
49%
63 Südafrika
44%
66 Dem Rep Kongo
38%
98 Haiti
35%
638 Dominikanische Republik
31%
194 Kenia
24%
71 Kamerun
18%
57 Äthiopien
12%
110 Israel
10%
97 Malawi
9%
Keine übereinstimmenden Quizze gefunden
Verteilung der Resultate
Anzahl Personen mit jedem Resultat
Perzentil nach korrekt beantworteten Fragen
Ihre Resultats-Entwicklung
Sie haben dieses Quiz noch nicht gespielt